00297nam a2200133Ia 4500008004100000020001100041082002000052245001800072250000900090260002100099300002500120650001100145856000700156210430s9999 xx 000 0 und d a8/3/11 a541.361 G846 F  aJ.F.Griffiths a309p aBlackie Academic aFlame And Combustion aLondon uBK